000 00888cam a22002411 4500
001 10167
003 BD-RjUL
005 20211208234914.0
008 140123s1966 cs a b 001 0 eng d
035 _a(BD-RjUL)10215
040 _aDLC/ICU
_cICU
_dDLC
_dBD-RjUL
_beng
041 1 _aengcze
082 0 0 _a543.4
_bHEP 1966
_223
100 1 _aHeyrovský, Jaroslav,
_d1890-1967.
_931387
245 1 0 _aPrinciples of polarography /
_c Jaroslav Heyrovský [and] Jaroslav Kůta. Scientific editor: Rudolf Brdička. Reviewer: Jiří Koryta. Translated by Jiří Volke.
260 _aPrague;
_bPub. House of Czechoslovak Academy of Sciences;
_aNew York:
_bAcademic Press,
_cc1966.
300 _a581 p.
_billus.
_c24 cm.
504 _aIncludes bibliographies.
650 0 _aPolarography.
_931388
700 1 _aKůta, Jaroslav,
_ejoint author.
_931389
942 _2ddc
_cBK
999 _c10167
_d10167